[Event "EICC 2021"]
[Site "Reykjavik"]
[Date "2021.08.26"]
[Round "1.10"]
[White "Kanyamarala, Tarun"]
[Black "Mamedov, Rauf"]
[Result "0-1"]
[WhiteElo "2369"]
[BlackElo "2654"]
[Annotator "TA"]
[PlyCount "80"]
[EventDate "2021.08.26"]
[EventType "swiss"]
[EventCountry "ISL"]
[Tiebreak "Cut1 Buchholz"]
[SourceTitle "playchess.com"]
[Source "ChessBase"]
[SourceQuality "1"]

{[%evp 9,80,8,11,14,0,-17,-23,-38,-2,-30,-20,-26,-21,-37,-23,-38,-29,-31,-47,
-68,-75,-72,-71,-112,-108,-152,-147,-146,-139,-216,-179,-219,-141,-137,-143,
-236,-140,-233,-193,-229,-179,-223,-229,-221,-72,-250,-287,-264,-266,-288,-233,
-362,-291,-404,-386,-414,-400,-418,-417,-501,-488,-620,-654,-615,0,-486,-474,
-467,-442,-469,-469,-874,-867]} 1. e4 c5 2. Nf3 d6 3. d4 cxd4 4. Qxd4 Nf6 5. c4
Nc6 6. Qe3 {B53: Sicilian: 2...d6: Lines with Qxd4.} g6 7. h3 Bg7 8. Be2 {
Black has an edge.} O-O 9. O-O Nd7 10. Nc3 Qb6 $5 {[%mdl 4] A promising side
line.} 11. Qd2 {[#]} Qa5 $146 ({Predecessor:} 11... Nde5 12. Nxe5 dxe5 13. b3
Rd8 14. Qb2 e6 15. Bg5 Re8 16. Rac1 Nd4 17. Rfd1 Bd7 {1/2-1/2 (31) Zhao,C 
(2300)-Xu,Y (2539) Qinhuangdao 2018}) 12. Rb1 b6 13. Rd1 Nc5 14. Qf4 Bxc3 15.
bxc3 f6 (15... Qxc3 $6 16. Bb2 $16) 16. h4 Bd7 17. Rd5 Qxa2 18. Rb2 {[#]
Hoping for Rxc5.} Qa1 19. Kh2 (19. Qd2 $17) 19... Be6 20. Rd1 Bf7 21. Nd4 Ne5
22. h5 (22. Nc2 $17 Qa5 23. Nb4) 22... g5 (22... Nxc4 23. Nc6 $11) (22... Bxc4
$19 {Threatens to win with ...Ncd3.} 23. Qe3 Qa6) 23. Qe3 (23. Qg3 $17 Kh8 24.
Nf5) 23... Kh8 24. Nf5 Rae8 (24... Nxc4 25. Bxc4 Bxc4 26. Nxe7 $17) 25. f4 gxf4
({Not} 25... Nxc4 26. Bxc4 gxf4 27. Qe2 $18) 26. Qxf4 {Black should prevent
Qh6!} Be6 (26... Bxc4 $19 {has better winning chances.} 27. Qg3 Rg8) 27. Qh4 $2
(27. Qg3 $17 {is the only way for White.} Rg8 28. Bh6 Rxg3 29. Rxa1) 27... Bxf5
$19 ({Avoid the trap} 27... Nxc4 $2 {[#]} 28. Bh6 $1 $18) 28. exf5 Rg8 29. h6
Ref8 30. Rc2 (30. Qd4 $142) 30... Qa4 31. Rcd2 Nb3 ({Weaker is} 31... Qc6 32.
Rd5 $19) 32. Rd5 Nxc1 33. Rxc1 Rg5 34. Qe4 Rfg8 35. Rg1 Ng4+ 36. Kg3 Ne5+ $2 (
36... Ne3+ $19 37. Kf2 Nxd5 {[%mdl 64] Pin}) 37. Kf2 $2 {[%mdl 8192]} (37. Kh2
$11 {and White is okay.} Ng4+ 38. Kg3) 37... Qa2 {Black is clearly winning.}
38. g3 Rg4 39. Qe3 Qc2 40. Ke1 (40. Rd4 $142) 40... Re4 {Weighted Error Value:
White=0.72/Black=0.27} 0-1

[Event "EICC 2021"]
[Site "Reykjavik"]
[Date "2021.08.26"]
[Round "1.11"]
[White "Saric, Ivan"]
[Black "Samadov, Read"]
[Result "1/2-1/2"]
[WhiteElo "2653"]
[BlackElo "2360"]
[Annotator "TA"]
[PlyCount "91"]
[EventDate "2021.08.26"]
[EventType "swiss"]
[EventCountry "ISL"]
[Tiebreak "Cut1 Buchholz"]
[SourceTitle "playchess.com"]
[Source "ChessBase"]
[SourceQuality "1"]

{[%evp 23,91,0,47,0,0,-22,0,0,0,0,0,0,0,-27,0,0,0,0,0,0,0,0,0,-39,0,-45,-47,
-75,-52,-71,-77,-83,-44,-289,-105,-98,-104,-125,-144,-192,-107,-122,-70,-70,
-62,-68,-70,-66,-70,-75,-62,-58,-28,-37,0,-28,0,-45,0,0,0,0,0,0,0,0,0,0,0,0]} 
1. e4 c5 2. Nf3 d6 3. d4 cxd4 4. Nxd4 Nf6 5. Nc3 a6 6. Be3 e5 7. Nb3 Be6 8. f3
Nbd7 9. Qd2 Be7 10. O-O-O O-O 11. g4 b5 12. g5 Nh5 $1 {[%mdl 4] is currently
scoring better than 12...b4.} (12... b4 $5 {[%cal Rb4c3]} 13. gxf6 bxc3 14.
Qxc3 Nxf6 $14) 13. Rg1 {B90: Sicilian Najdorf: Unusual White 6th moves, 6 Be3
Ng4 and 6 Be3 e5.} Nb6 14. Nd5 Nxd5 15. exd5 Bf5 16. Na5 f6 17. Nc6 Qd7 18. h4
{[#]} Bd8 $146 ({Predecessor:} 18... fxg5 19. hxg5 Bg6 20. Kb1 Rae8 21. Ka1
Rxf3 22. Be2 Rg3 23. c4 bxc4 24. Bxc4 Bf8 25. Bxa6 {1-0 (54) Pridorozhni,A 
(2586)-Drygalov,S (2481) Ekaterinburg 2019}) 19. Be2 fxg5 20. hxg5 Nf4 21. Bxf4
exf4 22. Kb1 ({Don't play} 22. Qxf4 Bxc2 $1 {[%mdl 512]} 23. Qxf8+ Kxf8 $17)
22... Bb6 23. Rg2 Rae8 24. Rh1 (24. a4 $5) 24... Re3 25. a3 Rfe8 26. Bd1 Bg6
27. Qb4 Rf8 {...Rf5 is the strong threat.} 28. Rg4 $2 {[#]} (28. Ka1 $15) 28...
Bc5 $2 (28... Rf5 $1 $19 {[%cal Rf5d5]} 29. Qd2 Qf7) 29. Qd2 $17 Rf5 30. Nb4
Qb7 31. Rgh4 {[#]} Bxb4 ({Resist} 31... Rxg5 32. Rxf4 Rge5 33. Nc6 $17) ({
Black should play} 31... a5 $1 $19 {[%cal Ra5b4]} 32. Nd3 Rxd5 33. Qxa5 Bb6)
32. Qxb4 Qxd5 (32... Qb6 $17 33. Rxf4 Rxd5) 33. Rxf4 $15 Rxf4 34. Qxf4 Re5 35.
Qg4 Bf5 36. Qh4 Qd2 37. Qh2 Qe3 ({Avoid the trap} 37... Qxg5 $2 38. f4 $18) 38.
Qg1 Qd2 39. Qb6 (39. Qh2 $5 {[%cal Rh2d2]} Rd5 40. Qxd2 Rxd2 41. Kc1 $15) 39...
Rc5 40. Qd8+ Kf7 41. f4 $1 {The position is equal.} Bxc2+ 42. Bxc2 Qxc2+ 43.
Ka1 Rd5 {White must now prevent ...Rd1+.} 44. Qd7+ Kf8 45. Qd8+ Kf7 {And now ..
.Rd1+ would win.} 46. Qd7+ {White happily takes the draw.  Weighted Error
Value: White=0.28/Black=0.18} 1/2-1/2

[Event "EICC 2021"]
[Site "Reykjavik"]
[Date "2021.08.26"]
[Round "1.12"]
[White "Kjartansson, David"]
[Black "Sarana, Alexey"]
[Result "0-1"]
[WhiteElo "2326"]
[BlackElo "2643"]
[Annotator "TA"]
[PlyCount "54"]
[EventDate "2021.08.26"]
[EventType "swiss"]
[EventCountry "ISL"]
[Tiebreak "Cut1 Buchholz"]
[SourceTitle "playchess.com"]
[Source "ChessBase"]
[SourceQuality "1"]

{[%evp 16,54,6,10,57,27,51,0,6,-38,-31,-39,-38,-26,-44,-31,0,0,0,-37,0,0,-2,
-42,-25,-39,-38,-62,-54,-87,-87,-159,-193,-166,-177,-252,-251,-250,-242,-475,
-393]} 1. d4 Nf6 2. Nf3 e6 3. e3 c5 4. Bd3 d5 5. c3 Nc6 6. O-O Bd6 7. Nbd2 O-O
8. dxc5 Bxc5 9. e4 a6 {D05: Colle System with ...e6.} 10. Qe2 (10. e5 $5 {
[%cal Re5f6]} Ng4 11. Nb3 $11) 10... Ba7 $5 {[%mdl 4] An interesting side line.
} 11. Bc2 (11. e5 $1 $14 Nd7 12. Nb3) 11... Re8 {[#] The position is equal.}
12. Nb3 $146 ({Predecessor:} 12. h3 h6 13. Rd1 Qc7 14. Re1 Bd7 15. e5 Nh7 16.
Nb3 f5 17. h4 Rac8 18. Be3 Bxe3 19. Qxe3 {1/2-1/2 (49) Paridar,S (2242)-Cosma,
E (2360) Khanty-Mansiysk 2010}) 12... Nxe4 13. Bxe4 dxe4 14. Qxe4 f6 15. Be3
Bb8 16. Rad1 Qc7 17. Bc5 Qf7 18. Rfe1 e5 19. Bd6 Ne7 {[%cal Bc6e7,Be7g6,Bg6f4]
[%mdl 32]} 20. Nc5 Ng6 21. b4 Ba7 22. a4 Nf4 23. Nd2 ({Better is} 23. g3 Nh3+
24. Kg2) 23... Bg4 $17 24. f3 Be6 {Strongly threatening ...Rad8.} 25. Kh1 {[#]}
(25. g3 {is a better defense.} Nh3+ 26. Kg2) 25... Rad8 $1 $19 {[%cal Rd8d6]}
26. Nxe6 Qxe6 ({Resist} 26... Rxe6 27. Nc4 $17) 27. Bc7 (27. Bc5 {was forced.}
Bxc5 28. bxc5) 27... Rd7 {Weighted Error Value: White=0.40/Black=0.09} 0-1

[Event "EICC 2021"]
[Site "Reykjavik"]
[Date "2021.08.26"]
[Round "1.13"]
[White "Deac, Bogdan-Daniel"]
[Black "Pein, Malcolm"]
[Result "1-0"]
[WhiteElo "2639"]
[BlackElo "2309"]
[Annotator "TA"]
[PlyCount "55"]
[EventDate "2021.08.26"]
[EventType "swiss"]
[EventCountry "ISL"]
[Tiebreak "Cut1 Buchholz"]
[SourceTitle "playchess.com"]
[Source "ChessBase"]
[SourceQuality "1"]

{[%evp 9,55,0,17,22,20,17,17,14,22,18,41,38,40,28,66,53,56,53,122,103,122,130,
158,169,175,174,162,163,171,179,175,164,178,174,170,169,180,179,224,217,232,
249,359,339,824,842,776,767]} 1. c4 Nf6 2. Nc3 e5 3. Nf3 Nc6 4. e4 Bb4 5. d3
Bxc3+ 6. bxc3 {A28: English Opening: Four Knights Variation.} d6 7. g3 O-O 8.
Bg2 {The position is equal.} a6 9. a4 {[%cal Ba2a4,Ba4a5][%mdl 32]} Bd7 10. O-O
Rb8 11. a5 {[#]} Ne7 $146 ({Predecessor:} 11... h6 12. h3 Ne7 13. c5 Nc6 14.
cxd6 cxd6 15. Ba3 Qc7 16. d4 exd4 17. Nxd4 Nxa5 18. Bxd6 Qxd6 19. Rxa5 {
1/2-1/2 (44) Vidarte Morales,A (2395)-Gonzalez Marrero,J (2229) Santa Cruz de
Tenerife 2003}) 12. c5 Bg4 13. cxd6 Qxd6 {White stays focused until the end.} (
13... cxd6 $14 14. h3 Bxf3 15. Qxf3 (15. Bxf3 Qc8 $11) 15... Nd7) 14. d4 $16
Bxf3 15. Qxf3 Rfe8 16. Ba3 Qe6 17. d5 Qd7 18. c4 {[%cal Bc3c4,Bc4c5][%mdl 32]}
Nc8 19. c5 Na7 20. Bb2 Nb5 21. Qd3 Qe7 22. Rac1 Nd7 23. Qe3 c6 24. Bh3 Nf8 25.
d6 Qd8 (25... Qf6 $142 26. Qd3 Rbd8) 26. f4 $18 exf4 $2 {[#]} (26... Nd4 27.
fxe5 Nde6) 27. Qxf4 f6 28. e5 {Weighted Error Value: White=0.01/Black=0.22} 1-0

[Event "EICC 2021"]
[Site "Reykjavik"]
[Date "2021.08.26"]
[Round "1.14"]
[White "Aizenberg, Benny"]
[Black "Martirosyan, Haik M."]
[Result "0-1"]
[WhiteElo "2309"]
[BlackElo "2632"]
[Annotator "TA"]
[PlyCount "84"]
[EventDate "2021.08.26"]
[EventType "swiss"]
[EventCountry "ISL"]
[Tiebreak "Cut1 Buchholz"]
[SourceTitle "playchess.com"]
[Source "ChessBase"]
[SourceQuality "1"]

{[%evp 14,84,0,-2,3,0,0,0,2,8,19,0,2,-8,2,0,17,0,0,-11,0,0,0,-91,-44,-55,-64,
-64,-64,-56,-58,-74,-53,-83,-48,-91,-67,-126,-127,-119,-115,-198,-194,-220,
-196,-250,-266,-246,-249,-251,-280,-273,-255,-345,-344,-315,-267,-320,-287,
-333,-351,-351,-335,-342,-331,-403,-411,-411,-402,-449,-429,-1327,-1323]} 1. e4
e5 2. Nf3 Nc6 3. Bb5 Nf6 4. O-O Nxe4 5. d4 Nd6 6. dxe5 Nxb5 7. a4 d6 8. e6 Bxe6
{C67: Ruy Lopez: Berlin Defence: 4 0-0 Nxe4.} 9. axb5 Ne5 10. Nd4 Be7 {The
position is equal.} 11. f4 Nc4 12. Nxe6 fxe6 13. Qe2 Nb6 14. Qxe6 Qd7 {[#]} 15.
Qxd7+ $146 ({Predecessor:} 15. Qb3 d5 16. Be3 Nc4 17. Nd2 Nxe3 18. Qxe3 Qxb5
19. Rfe1 Qb6 20. Qxb6 cxb6 21. Nf3 {1-0 (53) Perunovic,M (2603)-Drazic,S (2427)
Sarajevo 2017}) 15... Kxd7 16. Bd2 Rhf8 17. b3 Rf5 18. Na3 (18. Ra5 $11 {
remains equal.}) 18... a5 19. g4 Rff8 20. Nb1 a4 21. bxa4 Nxa4 22. Nc3 Nb6 23.
Rae1 Ra3 24. Ne4 Nc4 {Black continues to play with concentration.} 25. Bc1 {[#]
} (25. Rd1 $15) 25... Ra5 $1 $17 26. Nc3 Bf6 27. Rf3 {[#]} (27. Re4 $17 Bxc3
28. Rxc4) 27... Na3 $1 $19 28. g5 Nxc2 29. Ref1 (29. Re4 $142 Bd4+ 30. Kg2)
29... Bxc3 30. Rxc3 Nd4 {Hoping for ...Ne2+.} 31. Rc4 Nf5 ({Don't play} 31...
Nxb5 32. f5 $19) 32. Rb4 Re8 33. Kf2 Ra2+ 34. Bb2 Re3 35. Rd1 Rh3 36. Kg2 Rha3
37. Rd2 Ra4 38. Rb3 Rxf4 39. Kh3 Rh4+ 40. Kg2 Rg4+ 41. Kf3 Raa4 42. Rf2 (42.
Ke2 $142) 42... Rae4 {[%cal Rf5h4] Weighted Error Value: White=0.34/Black=0.06}
0-1

[Event "EICC 2021"]
[Site "Reykjavik"]
[Date "2021.08.26"]
[Round "1.15"]
[White "Banusz, Tamas"]
[Black "Heimisson, Hilmir Freyr"]
[Result "0-1"]
[WhiteElo "2631"]
[BlackElo "2309"]
[Annotator "TA"]
[PlyCount "50"]
[EventDate "2021.08.26"]
[EventType "swiss"]
[EventCountry "ISL"]
[Tiebreak "Cut1 Buchholz"]
[SourceTitle "playchess.com"]
[Source "ChessBase"]
[SourceQuality "1"]

{[%evp 9,50,0,9,12,19,12,24,15,10,13,61,51,46,49,70,43,105,104,112,75,64,-7,-8,
-6,0,-23,-43,-148,-168,-145,-89,-434,-416,-872,-853,-29986,-1423,-29987,-29988,
-29988,-29989,-29995,-29996]} 1. d4 Nf6 2. Nf3 d5 3. g3 c5 4. Bg2 cxd4 5. O-O
h6 6. b3 {D02: 1 d4 d5 2 Nf3 sidelines, including 2...Nf6 3 g3 and 2...Nf6 3
Bf4.} e6 7. Bb2 Be7 8. Nxd4 {White has an edge.} O-O 9. c4 {[#]} e5 $146 ({
Predecessor:} 9... dxc4 10. bxc4 Qc7 11. Nd2 a6 12. Qc2 Bd7 13. Rfc1 Nc6 14.
Rab1 Rfd8 15. Bc3 Be8 {1-0 (30) Zadruzny,N (2334)-Trippold,D (2187) Graz 2020})
10. Nf3 e4 11. Ne5 dxc4 12. Nxc4 Na6 ({Better is} 12... Nc6 $14) 13. Nc3 $16
Nc5 14. b4 Be6 15. Na5 {[#]} ({White should play} 15. bxc5 $14 Bxc4 16. Nxe4)
15... Qb6 $1 $11 16. a3 {[#]} Rfd8 $1 17. Qc2 {[#]} (17. Qe1 Rac8) 17... e3 $1
18. f4 {[#]} (18. fxe3 $15 Rac8 19. Rad1) 18... Rd2 $1 $17 19. Qb1 {[#]} Nd3
20. Na4 $2 {[%mdl 8192] White does not recover from this.} (20. f5 $17 Bxf5 21.
Rxf5 Nxb2 22. Bxb7) 20... Qb5 $19 21. Bd4 {[#]} ({Of course not} 21. Nc3 Qh5) (
21. f5 $142 Bxf5 22. Bxb7) 21... Nc1 $1 {[%mdl 512]} 22. Bxf6 (22. Qxc1 Qxe2)
22... Nxe2+ 23. Kh1 {[#]} Nxg3+ $1 {[%mdl 512] Black mates.} 24. hxg3 Qh5+ 25.
Kg1 {[#]} Rxg2+ $1 {[%mdl 576] Remove Defender, Back Rank.  Weighted Error
Value: White=0.92/Black=0.08} 0-1

[Event "EICC 2021"]
[Site "Reykjavik"]
[Date "2021.08.26"]
[Round "1.16"]
[White "Jacobsen, Mikkel Manosri"]
[Black "Lagarde, Maxime"]
[Result "0-1"]
[WhiteElo "2309"]
[BlackElo "2631"]
[Annotator "TA"]
[PlyCount "48"]
[EventDate "2021.08.26"]
[EventType "swiss"]
[EventCountry "ISL"]
[Tiebreak "Cut1 Buchholz"]
[SourceTitle "playchess.com"]
[Source "ChessBase"]
[SourceQuality "1"]

{[%evp 9,48,20,22,22,22,25,39,38,37,31,31,30,38,0,0,-4,-19,-5,0,-58,-72,-60,
-66,-65,-57,-49,-71,-337,-335,-603,-393,-388,-399,-393,-375,-611,-650,-656,
-630,-684,-684]} 1. c4 b6 2. Nc3 Bb7 3. Nf3 g6 {[#]} 4. h4 $146 ({Predecessor:
} 4. d4 Bg7 5. e4 d6 6. Be3 Nd7 7. h3 e5 8. d5 Ne7 9. g4 O-O 10. Rg1 Kh8 11.
Bd3 {0-1 (63) Martinez Alcantara,J (2792)-Mitrabha,G (2617) Chess.com INT 2019}
) 4... Nf6 5. d4 Bg7 6. Qc2 {A10: English Opening: Unusual Replies for Black.}
d6 7. e4 e5 8. d5 {White is slightly better.} O-O 9. Be2 c6 10. Bg5 h6 11. Bd2
b5 12. h5 Nxh5 13. dxc6 Nxc6 14. cxb5 (14. Nxb5 $11 Re8 15. Kf1) 14... Nd4 $15
15. Nxd4 exd4 16. Nd5 Re8 $36 {[%mdl 2048] Black is more active.} 17. Kf1 Nf6
18. Bxh6 $2 {[%mdl 8192] White does not recover from this.} (18. Nxf6+ $17 Qxf6
19. Bd3) 18... Nxe4 $19 19. Nc7 (19. Bxg7 Kxg7 20. Nb4) 19... Qf6 {[%csl Ge4]
[%cal Rf6f2] [#]} 20. Bf3 Bxh6 21. Nxe8 Rxe8 22. Re1 $2 {[#]} (22. Rxh6 Qg5 {
[%mdl 64] Double Attack} 23. Rxg6+ fxg6 24. Kg1) 22... Rc8 $1 {Black is
clearly winning.} 23. Qxc8+ Bxc8 24. Rxe4 Bf8 {Weighted Error Value: White=0.
63/Black=0.12} 0-1

[Event "EICC 2021"]
[Site "Reykjavik"]
[Date "2021.08.26"]
[Round "1.17"]
[White "Paravyan, David"]
[Black "Sylvan, Jacob"]
[Result "1-0"]
[WhiteElo "2631"]
[BlackElo "2307"]
[Annotator "TA"]
[PlyCount "55"]
[EventDate "2021.08.26"]
[EventType "swiss"]
[EventCountry "ISL"]
[Tiebreak "Cut1 Buchholz"]
[SourceTitle "playchess.com"]
[Source "ChessBase"]
[SourceQuality "1"]

{[%evp 15,55,12,5,0,63,61,68,51,120,112,114,94,93,87,86,77,90,91,156,150,126,
77,83,77,95,108,409,351,339,345,358,335,321,272,314,258,254,250,255,202,467,
459]} 1. c4 c5 2. Nf3 Nc6 3. Nc3 g6 4. e3 Nf6 5. d4 cxd4 6. exd4 d5 7. cxd5
Nxd5 8. Qb3 e6 9. Bb5 {[#] A35: Symmetrical English: 2 Nc3 Nc6 3 Nf3.} f6 $146
(9... Bg7 $11) ({Predecessor:} 9... Bg7 10. O-O O-O 11. Bxc6 bxc6 12. Re1 Ba6
13. Na4 Rb8 14. Qd1 c5 15. Nxc5 Bb7 16. Ne5 Ba8 17. Ncd7 Bxe5 18. Nxe5 {
1/2-1/2 (65) Cheparinov,I (2667)-Svidler,P (2714) Krasnaya Polyana 2021}) 10.
O-O $14 Kf7 11. Re1 {White is slightly better.} Nce7 (11... Na5 $14 12. Qd1 Bd7
) 12. Bd2 $16 a6 13. Bf1 (13. Bc4 {seems wilder.} b5 14. Bd3 Kg7 15. a4 b4 16.
Ne4) 13... Qb6 14. Qa4 Qc6 15. Qd1 Bg7 16. Rc1 Rd8 ({Black should try} 16...
Qd7) 17. Nxd5 Qxd5 18. Rc7 {Hoping for Bc4.} Qd6 {[#]} 19. Qc1 {Bc4 is the
strong threat.} Rd7 20. Rc5 $36 {[%mdl 2048] Black must now prevent Bc4. White
has strong initiative.} Bf8 $2 {[%mdl 8192] Black cannot hold the game after
this.} (20... b5 $16) 21. Bf4 Qb6 22. Bc4 Rd6 23. Bxd6 Qxd6 24. Bb3 Bd7 25. Rc7
Rc8 26. Rxc8 Bxc8 27. d5 e5 {[#]} (27... exd5 28. Rxe7+ {[%mdl 64] Remove
Defender} Kxe7) 28. Nd2 {[%mdl 64] Decoy.  Weighted Error Value: White=0.17/
Black=0.61} 1-0

[Event "EICC 2021"]
[Site "Reykjavik"]
[Date "2021.08.26"]
[Round "1.18"]
[White "Milikow, Yoav"]
[Black "Vocaturo, Daniele"]
[Result "0-1"]
[WhiteElo "2287"]
[BlackElo "2630"]
[Annotator "TA"]
[PlyCount "96"]
[EventDate "2021.08.26"]
[EventType "swiss"]
[EventCountry "ISL"]
[Tiebreak "Cut1 Buchholz"]
[SourceTitle "playchess.com"]
[Source "ChessBase"]
[SourceQuality "1"]

{[%evp 12,96,52,22,27,15,14,16,19,21,20,20,25,19,15,10,47,40,33,39,66,58,62,40,
27,27,60,36,109,120,177,166,183,157,125,68,71,79,75,60,71,64,101,32,25,26,25,
26,29,0,-1,-22,-15,-79,-83,-82,-5,-5,-5,-5,60,-14,0,-446,-426,-389,-234,-232,
-160,-464,-454,-436,-154,-154,-154,-154,-154,-147,-147,-450,-428,-29974,-29975,
-29973,-29973,-29976,-29977]} 1. d4 Nf6 2. c4 g6 3. Nc3 Bg7 4. e4 d6 5. Be2 O-O
6. Be3 Nc6 7. d5 Ne5 {E73: King's Indian: Averbakh Variation without 6...c5.}
8. h3 e6 $1 {8...e6 scores better than 8...c6.} 9. Nf3 Nxf3+ {The position is
equal.} 10. Bxf3 Nd7 11. Qd2 {[#]} exd5 $146 ({Predecessor:} 11... f5 12. exf5
exf5 13. O-O Qf6 14. Bf4 a6 15. Rad1 Qf7 16. h4 Ne5 17. Be2 Bd7 {1/2-1/2 (30)
Studer,N (2582)-Santos Latasa,J (2600) Barbera del Valles 2020}) 12. cxd5 Nc5
13. b4 Nd7 14. O-O a5 15. a3 Nb6 16. Be2 Bd7 17. Rab1 axb4 18. axb4 f5 19. exf5
Bxf5 (19... Rxf5 $14 20. Bxb6 cxb6) 20. Rbc1 $16 Rf7 (20... Bd7 $16 {is a
better defense.}) 21. Nb5 $18 Na4 22. g4 Be4 23. f3 (23. Rfe1 $16) 23... Qh4
$14 24. Kg2 {Hoping for Bg5.} (24. fxe4 $2 Qg3+ 25. Kh1 Be5 $17) 24... Be5 25.
Qe1 Qxe1 26. Rfxe1 c6 {[#]} 27. dxc6 (27. Nxd6 $1 $16 {[%mdl 512]} Bxd6 28.
fxe4 cxd5 29. Bd4 (29. exd5 Re7 $16)) 27... Bxc6 28. Nd4 Bd5 29. Red1 Nb6 30.
Nf5 gxf5 31. Bxb6 {[#]} Ra2 $1 32. Kf1 {[#]} (32. Rc8+ $11 Kg7 33. Rxd5 Rxe2+
34. Kf1) 32... Bxf3 $1 $17 33. Bc4 {[%mdl 64] Double Attack} ({Not} 33. Bxf3 $2
fxg4 34. Rc8+ Kg7 $19) 33... Be2+ 34. Bxe2 $11 {Threatens to win with Bc4.}
fxg4+ 35. Bf2 b5 (35... g3 $11 36. Bc4 {[%mdl 64] Double Attack} Raxf2+ 37. Kg1
Rh2) 36. Ke1 (36. hxg4 $14 Bg3 37. Rc8+ Kg7 38. Rc7 $1 Rxc7 39. Bxg3) 36...
gxh3 37. Rc8+ $2 {[%mdl 8192]} (37. Rd3 $1 $11 {and White stays safe.} h2 38.
Rh3) 37... Kg7 $19 {( -> ...h2)} 38. Rd4 h5 39. Rh4 h2 {Strongly threatening ..
.Ra1+.} 40. Rxh5 $2 (40. Bd4 $17 Bxd4 41. Rxh2) 40... Ra1+ 41. Bd1 {[#]} Rxd1+
$1 {[%mdl 512]} 42. Kxd1 $17 {Black must now prevent Ke2.} Rxf2 $19 {[%mdl
4096] Endgame KRR-KRB} 43. Rch8 Rb2 44. R8h7+ Kg8 45. Rh4 $2 {[%mdl 8192] [#]}
(45. Kc1 $17) 45... Rxb4 $3 {[%mdl 576] Deflection} 46. Rxb4 (46. R4h5 $19 Rb2
47. Rh3) (46. Rh3 Rb2) 46... Kxh7 {Black mates.} 47. Rh4+ Kg6 48. Ke2 b4 {
Quite a comeback for Black.  Weighted Error Value: White=0.56/Black=0.27} 0-1

[Event "EICC 2021"]
[Site "Reykjavik"]
[Date "2021.08.26"]
[Round "1.19"]
[White "Yilmaz, Mustafa"]
[Black "Karason, Askell O"]
[Result "1-0"]
[WhiteElo "2630"]
[BlackElo "2270"]
[Annotator "TA"]
[PlyCount "57"]
[EventDate "2021.08.26"]
[EventType "swiss"]
[EventCountry "ISL"]
[Tiebreak "Cut1 Buchholz"]
[SourceTitle "playchess.com"]
[Source "ChessBase"]
[SourceQuality "1"]

{[%evp 15,57,33,24,4,0,3,28,22,37,31,67,56,97,91,162,178,175,168,192,180,174,
170,230,225,414,401,464,491,546,478,447,458,462,480,458,468,446,448,600,592,
589,577,608,600]} 1. d4 Nf6 2. c4 e6 3. Nf3 b6 4. g3 Ba6 5. b3 Bb4+ 6. Bd2 c5
7. Bg2 Bb7 8. O-O O-O 9. Bf4 $5 {[%mdl 4] next a3 is good for White. Exploring
less charted territory. E15: Queen's Indian: 4 g3 sidelines, 4 g3 Ba6 and 4 g3
Bb7 early deviations.} cxd4 10. Qxd4 {[#]} Bc5 $146 ({Predecessor:} 10... Nc6
11. Qd3 d5 12. a3 Be7 13. Nc3 dxc4 14. bxc4 Na5 15. Ne5 Bxg2 16. Kxg2 Qc8 {
0-1 (27) Jumabayev,R (2525)-Carlsen,M (2837) Astana 2012}) 11. Qb2 {White has
an edge.} Nc6 12. Nc3 a6 13. Rfd1 Ra7 14. a3 Qc8 (14... Ng4 $16) 15. b4 $18 {
[%cal Bb3b4,Bb4b5][%mdl 32]} Be7 16. Be3 Ba8 17. Bxb6 Rb7 18. c5 $36 {[%mdl
2048] White has strong initiative.} Rb8 (18... d5 {was called for.} 19. cxd6
Rxb6) 19. Rac1 a5 $2 {[#]} (19... Bd8 20. Bxd8 Rxd8) 20. b5 Nd8 21. Na4 {
White is clearly winning.} Nd5 22. Bxa5 Qb7 23. Nb6 Qa7 24. Nxd5 Bxd5 25. Bb6
Qa8 26. Ne1 d6 27. Bxd5 exd5 28. Bc7 Bf6 29. Qb3 {White took control after the
opening.  Weighted Error Value: White=0.06/Black=0.41} 1-0

[Event "EICC 2021"]
[Site "Reykjavik"]
[Date "2021.08.26"]
[Round "1.20"]
[White "Vedder, Richard"]
[Black "Hovhannisyan, Robert"]
[Result "0-1"]
[WhiteElo "2266"]
[BlackElo "2626"]
[Annotator "TA"]
[PlyCount "48"]
[EventDate "2021.08.26"]
[EventType "swiss"]
[EventCountry "ISL"]
[Tiebreak "Cut1 Buchholz"]
[SourceTitle "playchess.com"]
[Source "ChessBase"]
[SourceQuality "1"]

{[%evp 13,48,-24,-23,-20,-19,-39,14,22,16,22,44,23,33,-9,-15,-10,0,-12,-20,-38,
-30,-33,-36,-107,-94,-110,-110,-101,-112,-123,-140,-202,-178,-609,-610,-589,
-595]} 1. d4 Nf6 2. c4 e6 3. Nc3 Bb4 4. f3 c5 5. a3 Bxc3+ 6. bxc3 d6 {6...Nc6
is becoming the main line.} 7. e4 Nc6 8. Ne2 {E24: Nimzo-Indian: Sämisch:
Unusual Black 5th moves and 5...c5 sidelines.} O-O $5 {[%mdl 4] Leaves trodden
paths.} 9. Bg5 cxd4 ({Better is} 9... h6 $15 10. Be3 Qc7) 10. cxd4 $11 {
The position is equal.} Qa5+ 11. Qd2 {[#]} Qxd2+ $146 ({Predecessor:} 11... h6
12. Be3 Bd7 13. Nc3 Rfc8 14. Be2 e5 15. d5 Nd4 16. Bxd4 exd4 17. Qxd4 b5 {
1-0 (33) Lein,A (2515)-Denker,A (2325) Fairfax 1976}) 12. Bxd2 b6 13. Kf2 Ba6
14. Rc1 Rac8 15. Ke3 Nd7 16. f4 Nf6 17. h3 d5 18. Ng3 ({White should play} 18.
e5 $15 Ne4 19. cxd5 exd5 20. Nc3 Bxf1 21. Nxe4 Bxg2 {[%mdl 64] Double Attack}
22. Nf6+ Kh8 23. Rhg1) 18... dxe4 $17 19. Nxe4 Nxe4 20. Kxe4 Rfd8 21. Bc3 Ne7
22. Be1 (22. Kf3 $17) 22... Nf5 23. g4 $2 (23. Bf2) 23... Rxd4+ $19 {[%mdl 64]
[#] Double Attack} 24. Kf3 Bb7+ {[%mdl 64] Skewer.  Weighted Error Value:
White=0.73/Black=0.10} 0-1